000 00355 a2200157 4500
001 47614
020 _a9788531109843
040 _cAnchieta - Aquarius
100 _aDowley, Tim
240 1 0 _aHistorinhas da bíblia
_lpor
245 1 0 _aHistorinhas da bíblia
300 _a15 p.
362 0 _a2007
650 4 _aLiteratura infanto-juvenil
942 _cBK
999 _c47614
_d47614